| 000 | 00410nam a2200169Ia 4500 | ||
|---|---|---|---|
| 005 | 20260429111940.0 | ||
| 008 | 260429s9999||||xx |||||||||||||| ||und|| | ||
| 020 | _a9788184111071 | ||
| 041 | _aEnglish | ||
| 082 |
_a572 _bVEN |
||
| 100 | _aVeena | ||
| 245 | 0 |
_aBiochemistry / _cVeena |
|
| 260 |
_aNew Delhi : _bSonali Publications, _c2025. |
||
| 300 | _a285 p.; hb | ||
| 650 | _aBiochemistry | ||
| 942 | _cTB | ||
| 999 |
_c51573 _d51573 |
||